| 000 | 01041cam a2200313 a 4500 | ||
|---|---|---|---|
| 001 | 12454419 | ||
| 003 | NUST - PNEC | ||
| 005 | 20170116180840.0 | ||
| 008 | 010601s2000 pk 000 0 eng | ||
| 010 | _a 2001289218 | ||
| 020 | _a9694023513 | ||
| 025 | _aP-E-2001289218; 07 | ||
| 035 | _a(DLC) 2001289218 | ||
| 040 |
_aDLC _cLIBRARY |
||
| 042 | _alcode | ||
| 043 |
_aa-ii--- _aa-pk--- |
||
| 050 | 0 | 0 |
_aDS388 _b.P33 2000 |
| 082 | _a348.041'549105 HAM | ||
| 100 |
_95332 _aHamoodur Rehman Commission |
||
| 110 | 1 |
_aPakistan. _bHamoodur Rehman Commission of Inquiry into the 1971 War. |
|
| 245 | 1 | 4 | _aThe report of the Hamoodur Rehman Commission of Inquiry into the 1971 War, as declassified by the Government of Pakistan. |
| 246 | 3 | 0 | _aHamoodur Rehman Commission |
| 260 |
_aLahore : _bVanguard, _c[2000?] |
||
| 300 |
_a545 p. ; _c27 cm. |
||
| 650 | 0 |
_aIndia-Pakistan Conflict, 1971. _xGeneral |
|
| 906 |
_a7 _bcbc _corigode _d3 _encip _f20 _gy-gencatlg |
||
| 942 |
_2ddc _cBK |
||
| 999 |
_c64388 _d64388 |
||